Mobilizovať k činorodej, obetavej práci Slávnostné zasadanie Ústredného výboru Čs. strany socialistickej. Z prejavu súdruha Josefa Kempného ; Josef Kempný

Bibliographic Details
Main Author: Kempný, Josef, 1920-1996 (Author)
Format: Article
Language:Slovak
Subjects:

MARC

LEADER 00000nab a2200000 a 4500
001 vtls000211277
003 SK-MaSNL
005 20260303202429.0
008 160201c1985 xo 0 slo
015 |a SNBRB19rr/mm-uuuuu 
035 |a CL0221390 
040 |a SNKBUCL  |b slo  |c SNKBUCL  |e AACR2 
041 0 |a slo 
044 |a xo  |c SK 
080 |a 329.14(437)  |2 1981 
245 0 0 |a Mobilizovať k činorodej, obetavej práci  |b Slávnostné zasadanie Ústredného výboru Čs. strany socialistickej. Z prejavu súdruha Josefa Kempného ; Josef Kempný 
650 0 7 |a Československá strana socialistická  |2 snkbucl  |9 937669 
651 7 |a 3100  |2 snkbucl  |9 920766 
655 7 |a články z novín a časopisov  |2 snkbucl  |9 267496 
700 1 |a Kempný, Josef,  |d 1920-1996  |4 aut  |9 5137 
773 0 |t Pravda  |g Roč. 66, č. 85 (11. 4. 1985), s. 2 
850 |a Slovenská národná knižnica v Martine  |a MTA001 
852 |a SNK  |b KIS3GCP 
958 |a RK 
958 |a CZ 
992 |a RBX 
999 |c 2179556  |d 2181486